Most Viewed Buildings on Wikipedia - Statistics

General Stats
  • This quiz has been taken 1,459 times
  • The average score is 7 of 14
Answer Stats
Views Location Country % Correct
33 m Europe Eiffel Tower
87%
21 m North America Empire State Building
74%
46 m Southern Asia Taj Mahal
70%
36 m Middle East Burj Khalifa
69%
22 m North Africa Great Pyramid of Giza
61%
24 m Europe Colosseum
59%
36 m North America Statue of Liberty
58%
20 m North America White House
52%
21 m North America One World Trade Center
51%
27 m South America Machu Picchu
39%
35 m East Asia Great Wall of China
37%
25 m Europe Stonehenge
20%
25 m North America Mount Rushmore
18%
30 m Europe Berlin Wall
15%
No matching quizzes found
Score Distribution
Percent of People with Each Score
Percentile by Number Answered
Your Score History
You have not taken this quiz